| 000 | 00749nam0a22002411 4500 | ||
|---|---|---|---|
| 001 | rc\616018 | ||
| 005 | 20250621183942.0 | ||
| 035 | _a(NLR Aleph) 005859253 | ||
| 090 |
_a5861021 _c5861021 |
||
| 100 | _a20031121d1986 |||y0rusy50 ca | ||
| 101 | 0 | _arus | |
| 102 | _aRU | ||
| 105 | _ay ||||||||| | ||
| 200 | 1 |
_aШКОЛА на путях реформы _e[Сб. ст. _fСост. Н.Е. Чухрий] |
|
| 210 |
_aОдесса _cМаяк _d1986 |
||
| 215 |
_a118 с. _d14 |
||
| 225 | 1 |
_aИз опыта партийной работы _eИдеол. работа |
|
| 702 | 1 |
_aЧухрий _bН.Е. _gНиколай Ефимович _4220 |
|
| 801 | 0 |
_aRU _bNLR _gpsbo |
|
| 801 | 1 |
_aRU _bELAR _2rusmarc |
|
| 852 |
_aNLR _j88-2/414 |
||
| 942 | _cBOOK | ||
| 980 | _aNB | ||